000 00394nam a2200157Ia 4500
008 230917s9999||||xx |||||||||||||| ||und||
040 _e182204
_aMAIN
041 _aEnglish
082 _a658.3 S74P
100 _aSarma, A M
245 0 _aPersonal and human resource management
250 _a6th ed.
260 _aMumbai
_bHimalaya Publishing House
_c2009
300 _a514 p.
942 _cBK
999 _c163705
_d163705